Derecho notarial chileno
Guardat en:
| Autor principal: | |
|---|---|
| Format: | Llibre |
| Idioma: | espanyol |
| Publicat: |
Santiago
Jurídica de Chile
1983
|
| Edició: | 3a. ed |
| Matèries: | |
| Etiquetes: |
Afegir etiqueta
Sense etiquetes, Sigues el primer a etiquetar aquest registre!
|
MARC
| LEADER | 00000nam a2200000 a 4500 | ||
|---|---|---|---|
| 001 | UCY1497 | ||
| 003 | CL-VaPUC | ||
| 008 | 940905e19830000CL |||||||||||||||||spa|d | ||
| 082 | 0 | 4 | |a 347.016 |b DIA |2 21 |
| 100 | 0 | |a Díaz Mieres, Luis |e author |9 329507 | |
| 245 | 1 | 0 | |a Derecho notarial chileno |
| 250 | |a 3a. ed | ||
| 300 | |a 361 p | ||
| 942 | |c BK | ||
| 945 | |d 19940905 00:00:00 |a aalvarez | ||
| 260 | |a Santiago |b Jurídica de Chile |c 1983 | ||
| 650 | 0 | |a Derecho notarial |9 326137 | |
| 651 | 7 | |a CHILE |2 CL-VaPUC |9 329508 | |
| 583 | |a last modification |c 19940905 00:00:00 |k Rodrigo Vera | ||
| 999 | |c 230188 |d 230186 | ||
| 952 | |0 0 |1 0 |4 0 |6 347_016000000000000_DIA_1983 |7 0 |8 A |9 232234 |a BIBDER |b BIBDER |d 2019-11-15 |i 3015963 |l 1 |o 347.016 DIA 1983 |p 3015963 |r 2023-06-29 |s 2023-06-29 |w 2019-11-15 |y BK |k DER | ||
| 952 | |0 0 |1 0 |4 0 |6 347_016000000000000_DIA_1983 |7 0 |8 A |9 232235 |a BIBDER |b BIBDER |d 2019-11-15 |i 2000431 |o 347.016 DIA 1983 |p 2000431 |r 2023-01-25 |w 2019-11-15 |y BK |k DER | ||